Statistics for Rivers on Borders

Click here to take the quiz!

General Stats

  • This quiz has been taken 20,802 times
    (16,615 since last reset)
  • The average score is 11 of 18

Answer Stats

BorderRiver% Correct
Missouri and IllinoisMississippi
91%
Mexico and TexasRio Grande
91%
Germany and FranceRhine
87%
Bulgaria and RomaniaDanube
84%
Iowa and NebraskaMissouri
75%
Arizona and CaliforniaColorado
74%
Jordan and IsraelJordan
66%
Myanmar and LaosMekong
64%
Indiana and KentuckyOhio
60%
New York and OntarioSt. Lawrence
60%
Virginia and MarylandPotomac
56%
Zimbabwe and ZambiaZambezi
55%
Washington and OregonColumbia
41%
Texas and OklahomaRed
40%
New Jersey and PennsylvaniaDelaware
34%
Germany and PolandOder
31%
Namibia and South AfricaOrange
30%
Russia and ChinaAmur
29%

Score Distribution

Percentile by Number Answered

Percent of People with Each Score

Your Score History

You have not taken this quiz since the last reset